Taylor Swift Songs 13 - Statistics

General Stats
  • This quiz has been taken 6 times
  • The average score is 347 of 366
Answer Stats
% Correct
a
100%
all
100%
All
100%
And
100%
and
100%
anything
100%
are
100%
as
100%
at
100%
away)
100%
Back
100%
be
100%
bed)
100%
been
100%
believed
100%
(black
100%
(burning
100%
but
100%
But
100%
can
100%
Daylight
100%
daylight
100%
(daylight),
100%
(daylight)
100%
daylight,
100%
don´t
100%
down
100%
else
100%
forth
100%
from
100%
go
100%
go,
100%
golden
100%
(golden)
100%
head)
100%
I
100%
(I
100%
I´ll
100%
I´m
100%
in
100%
(in
100%
(intertwined)
100%
it
100%
it´s
100%
It´s
100%
I´ve
100%
Like
100%
like
100%
look
100%
love
100%
Lover
100%
many
100%
me
100%
mind)
100%
My
100%
my
100%
never
100%
New
100%
now
100%
now,
100%
(Now,
100%
of
100%
of,
100%
once
100%
only
100%
our
100%
out
100%
ran
100%
red)
100%
same)
100%
saw
100%
see
100%
so
100%
still
100%
that
100%
the
100%
There
100%
think
100%
this
100%
thought
100%
to
100%
town
100%
wanna
100%
was
100%
white)
100%
with
100%
would
100%
York
100%
you
100%
you,
100%
You
100%
your
100%
air,
83%
awake)
83%
became
83%
because
83%
breathed
83%
brighter
83%
butt
83%
by
83%
cities
83%
crossed
83%
cruel
83%
daggers
83%
dark
83%
every
83%
good
83%
goodbye
83%
gotta
83%
into
83%
joke
83%
Just
83%
just
83%
let
83%
lines
83%
lived
83%
long
83%
Maybe
83%
morning
83%
night
83%
night,
83%
Not
83%
refused
83%
room
83%
settle
83%
single
83%
sleeping
83%
(sneaking
83%
stormed
83%
tell
83%
(Things
83%
things
83%
trusted
83%
truth,
83%
twenty
83%
unforgiven
83%
unlucky
83%
what
83%
wide
83%
will
83%
wolves
83%
year
83%
afraid
67%
Clearing
67%
cloaks
67%
defined
67%
draw
67%
draws
67%
Everyone
67%
hate
67%
light
67%
looked
67%
smoke
67%
step
67%
Threw
67%
wicked
67%
worse
67%
haunt
50%
Luck
50%
middle
50%
wounded
50%
don´t
0%
No matching quizzes found
Score Distribution
Percent of People with Each Score
Percentile by Number Answered
Your Score History
You have not taken this quiz